[Event "European Senior Team Championship 2021"]
[Site "Don Giovanni hotel, Vinohradska 2733, Prague, Czech Republic"]
[Date "2021.09.06"]
[Round "8"]
[Board "3"]
[White "Svarc, Roman"]
[Black "Siebenburger, Vlastimil"]
[Result "1/2-1/2"]
[WhiteElo "2030"]
[BlackElo "1975"]
[PlyCount "0"]
[EventDate "2021.08.30"]
[EventType "team"]
[EventRounds "9"]
[EventCountry "ECX"]
[WhiteTeam "TJ SOKOL UDLICE"]
[BlackTeam "KSS VYSOCINA"]

1. c4 {[%clk 1:30:56]} c6 {[%clk 1:30:44]} 2. b3 {[%clk 1:30:12]} d5
{[%clk 1:30:19]} 3. Bb2 {[%clk 1:30:13]} Nf6 {[%clk 1:28:08]} 4. Nf3
{[%clk 1:27:49]} Bf5 {[%clk 1:27:28]} 5. d3 {[%clk 1:25:27]} e6 {[%clk 1:26:30]}
6. g3 {[%clk 1:25:14]} Nbd7 {[%clk 1:25:18]} 7. Nbd2 {[%clk 1:22:55]} Bc5
{[%clk 1:20:13]} 8. Bg2 {[%clk 1:21:43]} O-O {[%clk 1:16:41]} 9. O-O
{[%clk 1:21:26]} Qe7 {[%clk 1:14:38]} 10. Ne5 {[%clk 1:11:43]} Rad8
{[%clk 1:07:29]} 11. Ndf3 {[%clk 0:54:58]} Rfe8 {[%clk 0:54:55]} 12. a3
{[%clk 0:46:41]} Nxe5 {[%clk 0:45:22]} 13. Nxe5 {[%clk 0:46:54]} Qc7
{[%clk 0:44:42]} 14. cxd5 {[%clk 0:24:52]} exd5 {[%clk 0:39:57]} 15. Rc1
{[%clk 0:24:55]} Bd6 {[%clk 0:37:24]} 16. d4 {[%clk 0:22:20]} Qe7
{[%clk 0:36:04]} 17. b4 {[%clk 0:19:35]} Bxe5 {[%clk 0:29:14]} 18. dxe5
{[%clk 0:20:02]} Ng4 {[%clk 0:24:52]} 19. Re1 {[%clk 0:10:13]} Nxe5
{[%clk 0:23:01]} 20. Qd4 {[%clk 0:09:20]} f6 {[%clk 0:23:27]} 21. Qxa7
{[%clk 0:08:23]} Nd3 {[%clk 0:21:59]} 22. Bxd5+ {[%clk 0:06:10]} cxd5
{[%clk 0:20:50]} 23. exd3 {[%clk 0:06:22]} Qxe1+ {[%clk 0:19:58]} 24. Rxe1
{[%clk 0:06:50]} Rxe1+ {[%clk 0:20:17]} 25. Kg2 {[%clk 0:07:17]} Bxd3
{[%clk 0:19:13]} 26. Bd4 {[%clk 0:06:47]} Bf1+ {[%clk 0:18:08]} 27. Kf3
{[%clk 0:07:06]} Be2+ {[%clk 0:15:03]} 28. Kg2 {[%clk 0:05:37]} Bf1+  1/2-1/2

[Event "European Senior Team Championship 2021"]
[Site "Don Giovanni hotel, Vinohradska 2733, Prague, Czech Republic"]
[Date "2021.09.06"]
[Round "8"]
[Board "4"]
[White "Korinkova, Eva"]
[Black "Kozak, Karel"]
[Result "1-0"]
[WhiteElo "1801"]
[BlackElo "1859"]
[PlyCount "0"]
[EventDate "2021.08.30"]
[EventType "team"]
[EventRounds "9"]
[EventCountry "ECX"]
[WhiteTeam "KSS VYSOCINA"]
[BlackTeam "TJ SOKOL UDLICE"]

1. e4 {[%clk 1:30:57]} c5 {[%clk 1:30:43]} 2. Nf3 {[%clk 1:31:19]} d6
{[%clk 1:30:14]} 3. d3 {[%clk 1:31:28]} Nc6 {[%clk 1:29:29]} 4. g3
{[%clk 1:31:48]} Nf6 {[%clk 1:26:31]} 5. Bg2 {[%clk 1:31:48]} Rb8
{[%clk 1:23:05]} 6. O-O {[%clk 1:31:43]} Bd7 {[%clk 1:21:57]} 7. Nbd2
{[%clk 1:28:30]} a5 {[%clk 1:17:08]} 8. c3 {[%clk 1:21:41]} Qc7 {[%clk 1:10:27]}
9. h3 {[%clk 1:14:51]} e6 {[%clk 1:05:22]} 10. Ne1 {[%clk 1:10:57]} d5
{[%clk 0:59:08]} 11. f4 {[%clk 1:04:35]} d4 {[%clk 0:52:29]} 12. Ndf3
{[%clk 0:52:53]} g6 {[%clk 0:49:28]} 13. Nc2 {[%clk 0:47:52]} Rc8
{[%clk 0:44:51]} 14. Kh2 {[%clk 0:45:02]} dxc3 {[%clk 0:37:01]} 15. bxc3
{[%clk 0:45:29]} Bg7 {[%clk 0:37:08]} 16. Bd2 {[%clk 0:42:12]} O-O
{[%clk 0:34:41]} 17. Rb1 {[%clk 0:37:35]} b6 {[%clk 0:28:28]} 18. Na3
{[%clk 0:35:46]} Na7 {[%clk 0:11:56]} 19. c4 {[%clk 0:27:57]} Rfd8
{[%clk 0:11:36]} 20. e5 {[%clk 0:25:29]} Ne8 {[%clk 0:11:09]} 21. Qe2
{[%clk 0:24:56]} Ba4 {[%clk 0:10:22]} 22. Ng5 {[%clk 0:24:17]} Nc6
{[%clk 0:09:40]} 23. Nb5 {[%clk 0:21:22]} Bxb5 {[%clk 0:08:10]} 24. cxb5
{[%clk 0:21:50]} Nd4 {[%clk 0:07:33]} 25. Qf2 {[%clk 0:18:39]} Qd7
{[%clk 0:06:06]} 26. Be4 {[%clk 0:16:40]} h6 {[%clk 0:03:11]} 27. Nf3
{[%clk 0:16:47]} Nc7 {[%clk 0:03:24]} 28. Nxd4 {[%clk 0:16:29]} Qxd4
{[%clk 0:03:26]} 29. Be3 {[%clk 0:16:13]} Qa4 {[%clk 0:03:27]} 30. Qb2
{[%clk 0:15:14]} Nd5 {[%clk 0:03:25]} 31. Bxd5 {[%clk 0:14:15]} Rxd5
{[%clk 0:03:40]} 32. Qb3 {[%clk 0:13:52]} Qxb3 {[%clk 0:02:04]} 33. Rxb3
{[%clk 0:14:20]} Rcd8 {[%clk 0:02:25]} 34. Rd1 {[%clk 0:10:59]} Bf8
{[%clk 0:01:26]} 35. Rc3 {[%clk 0:10:24]} Be7 {[%clk 0:00:58]} 36. Kg2
{[%clk 0:10:02]} Kg7 {[%clk 0:01:23]} 37. Kf3 {[%clk 0:09:11]}  1-0

[Event "European Senior Team Championship 2021"]
[Site "Don Giovanni hotel, Vinohradska 2733, Prague, Czech Republic"]
[Date "2021.09.07"]
[Round "9"]
[Board "1"]
[White "Svanda, Pavel"]
[Black "Vrbata, Zbynek"]
[Result "1/2-1/2"]
[WhiteElo "2081"]
[BlackElo "2339"]
[PlyCount "0"]
[EventDate "2021.08.30"]
[EventType "team"]
[EventRounds "9"]
[EventCountry "ECX"]
[WhiteTeam "KSS VYSOCINA"]
[BlackTeam "1960-69"]

1. e4 {[%clk 1:30:52]} e6 {[%clk 1:30:51]} 2. d4 {[%clk 1:31:10]} d5
{[%clk 1:31:15]} 3. Nd2 {[%clk 1:31:18]} Nf6 {[%clk 1:31:24]} 4. e5
{[%clk 1:31:32]} Nfd7 {[%clk 1:31:47]} 5. Bd3 {[%clk 1:31:58]} c5
{[%clk 1:31:58]} 6. c3 {[%clk 1:32:23]} b6 {[%clk 1:32:14]} 7. Ndf3
{[%clk 1:30:57]} Ba6 {[%clk 1:32:01]} 8. Bg5 {[%clk 1:31:13]} Qc8
{[%clk 1:31:23]} 9. Ne2 {[%clk 1:31:21]} Bxd3 {[%clk 1:29:12]} 10. Qxd3
{[%clk 1:31:46]} c4 {[%clk 1:28:56]} 11. Qc2 {[%clk 1:31:25]} h6 {[%clk 1:28:45]}
12. Bd2 {[%clk 1:30:56]} Nc6 {[%clk 1:25:08]} 13. b4 {[%clk 1:28:36]} cxb3
{[%clk 1:17:58]} 14. axb3 {[%clk 1:29:00]} b5 {[%clk 1:17:42]} 15. Qd3
{[%clk 1:28:45]} a6 {[%clk 1:17:42]} 16. O-O {[%clk 1:29:09]} Nb6
{[%clk 1:18:02]} 17. Bc1 {[%clk 1:22:51]} Qb7 {[%clk 1:10:50]} 18. Nd2
{[%clk 1:19:27]} Be7 {[%clk 1:08:04]} 19. Qg3 {[%clk 1:02:00]} g6
{[%clk 0:55:14]} 20. h4 {[%clk 1:00:09]} h5 {[%clk 0:51:33]}  1/2-1/2

[Event "European Senior Team Championship 2021"]
[Site "Don Giovanni hotel, Vinohradska 2733, Prague, Czech Republic"]
[Date "2021.09.07"]
[Round "9"]
[Board "2"]
[White "Michalek, Jan"]
[Black "Miculka, Petr"]
[Result "1-0"]
[WhiteElo "2276"]
[BlackElo "2081"]
[PlyCount "0"]
[EventDate "2021.08.30"]
[EventType "team"]
[EventRounds "9"]
[EventCountry "ECX"]
[WhiteTeam "1960-69"]
[BlackTeam "KSS VYSOCINA"]

1. e4 {[%clk 1:30:56]} c5 {[%clk 1:30:32]} 2. Nf3 {[%clk 1:31:17]} Nc6
{[%clk 1:30:39]} 3. d4 {[%clk 1:31:38]} cxd4 {[%clk 1:31:07]} 4. Nxd4
{[%clk 1:31:58]} Nf6 {[%clk 1:31:18]} 5. Nc3 {[%clk 1:32:25]} e5 {[%clk 1:31:43]}
6. Ndb5 {[%clk 1:32:47]} d6 {[%clk 1:32:01]} 7. Bg5 {[%clk 1:33:11]} a6
{[%clk 1:32:23]} 8. Na3 {[%clk 1:33:35]} b5 {[%clk 1:32:48]} 9. Bxf6
{[%clk 1:33:46]} gxf6 {[%clk 1:29:43]} 10. Nd5 {[%clk 1:34:09]} Bg7
{[%clk 1:30:05]} 11. c4 {[%clk 1:32:02]} O-O {[%clk 1:25:05]} 12. cxb5
{[%clk 1:31:14]} Nd4 {[%clk 1:24:44]} 13. Bd3 {[%clk 1:20:54]} f5
{[%clk 1:18:27]} 14. O-O {[%clk 1:14:18]} fxe4 {[%clk 1:06:23]} 15. Bxe4
{[%clk 1:10:06]} f5 {[%clk 1:05:31]} 16. Nf6+ {[%clk 1:09:01]} Rxf6
{[%clk 1:03:23]} 17. Bxa8 {[%clk 1:09:07]} Be6 {[%clk 1:02:17]} 18. Bb7
{[%clk 1:05:24]} axb5 {[%clk 0:54:51]} 19. Nc2 {[%clk 1:04:09]} Rh6
{[%clk 0:47:00]} 20. Nxd4 {[%clk 1:03:25]} exd4 {[%clk 0:46:42]} 21. Qf3
{[%clk 1:01:33]} Be5 {[%clk 0:43:36]} 22. h3 {[%clk 1:01:50]} Kh8
{[%clk 0:42:59]} 23. Bd5 {[%clk 0:58:59]} Bd7 {[%clk 0:37:52]} 24. Rfd1
{[%clk 0:57:51]} Rh4 {[%clk 0:20:15]} 25. Qa3 {[%clk 0:55:27]} d3
{[%clk 0:11:56]} 26. Rxd3 {[%clk 0:53:47]} b4 {[%clk 0:10:58]} 27. Qb3
{[%clk 0:50:11]} Qb6 {[%clk 0:09:14]} 28. Rc1 {[%clk 0:43:31]} Bd4
{[%clk 0:09:20]} 29. Rf3 {[%clk 0:43:30]} f4 {[%clk 0:07:59]} 30. Qc2
{[%clk 0:41:56]} Rh5 {[%clk 0:06:30]} 31. Bb3 {[%clk 0:40:31]} Rc5
{[%clk 0:04:35]} 32. Qd2 {[%clk 0:40:40]} Rg5 {[%clk 0:01:16]} 33. Rxf4
{[%clk 0:38:38]} Be5 {[%clk 0:00:37]} 34. Rf8+ {[%clk 0:38:58]}  1-0

[Event "European Senior Team Championship 2021"]
[Site "Don Giovanni hotel, Vinohradska 2733, Prague, Czech Republic"]
[Date "2021.09.07"]
[Round "9"]
[Board "3"]
[White "Siebenburger, Vlastimil"]
[Black "Priehoda, Vitezslav"]
[Result "1-0"]
[WhiteElo "1975"]
[BlackElo "2269"]
[PlyCount "0"]
[EventDate "2021.08.30"]
[EventType "team"]
[EventRounds "9"]
[EventCountry "ECX"]
[WhiteTeam "KSS VYSOCINA"]
[BlackTeam "1960-69"]

1. d4 {[%clk 1:30:54]} Nf6 {[%clk 1:30:55]} 2. c4 {[%clk 1:31:15]} e6
{[%clk 1:31:22]} 3. Nc3 {[%clk 1:31:31]} Bb4 {[%clk 1:31:48]} 4. e3
{[%clk 1:31:46]} b6 {[%clk 1:32:13]} 5. Bd3 {[%clk 1:30:10]} Bb7 {[%clk 1:32:28]}
6. f3 {[%clk 1:29:50]} c5 {[%clk 1:30:47]} 7. Nge2 {[%clk 1:26:21]} O-O
{[%clk 1:27:15]} 8. O-O {[%clk 1:25:02]} cxd4 {[%clk 1:14:30]} 9. exd4
{[%clk 1:23:08]} d5 {[%clk 1:14:52]} 10. Bg5 {[%clk 1:21:35]} dxc4
{[%clk 1:00:29]} 11. Bxc4 {[%clk 1:21:21]} Nc6 {[%clk 0:54:25]} 12. a3
{[%clk 1:18:06]} Be7 {[%clk 0:49:07]} 13. Qd3 {[%clk 1:13:44]} Nd5
{[%clk 0:47:29]} 14. Bxe7 {[%clk 1:11:57]} Ncxe7 {[%clk 0:47:42]} 15. Rad1
{[%clk 1:11:11]} Rc8 {[%clk 0:47:52]} 16. Ba2 {[%clk 1:10:08]} Nxc3
{[%clk 0:38:28]} 17. bxc3 {[%clk 1:06:01]} Qd6 {[%clk 0:38:52]} 18. c4
{[%clk 1:02:20]} Rfd8 {[%clk 0:39:09]} 19. Bb1 {[%clk 0:59:34]} g6
{[%clk 0:39:17]} 20. Ba2 {[%clk 0:51:48]} Nc6 {[%clk 0:25:42]} 21. Qe3
{[%clk 0:46:31]} Ne7 {[%clk 0:22:12]} 22. Ng3 {[%clk 0:44:26]} Ba6
{[%clk 0:15:48]} 23. Ne4 {[%clk 0:38:16]} Nf5 {[%clk 0:15:08]} 24. Nxd6
{[%clk 0:31:19]} Nxe3 {[%clk 0:15:36]} 25. Nxc8 {[%clk 0:31:39]} Rxc8
{[%clk 0:14:22]} 26. Rc1 {[%clk 0:30:46]} Nxf1 {[%clk 0:14:48]} 27. Kxf1
{[%clk 0:31:06]} Rd8 {[%clk 0:13:10]} 28. Rd1 {[%clk 0:31:12]} Rc8
{[%clk 0:13:33]} 29. Rc1 {[%clk 0:26:48]} b5 {[%clk 0:04:27]} 30. c5
{[%clk 0:26:10]} Rd8 {[%clk 0:04:53]} 31. c6 {[%clk 0:14:39]} Rxd4
{[%clk 0:05:06]} 32. c7 {[%clk 0:14:46]} Bc8 {[%clk 0:05:17]} 33. Ke2
{[%clk 0:15:12]} Kf8 {[%clk 0:05:21]} 34. Ke3 {[%clk 0:13:00]} Rd6
{[%clk 0:04:46]} 35. g4 {[%clk 0:09:27]} Ke7 {[%clk 0:04:24]} 36. Bb1
{[%clk 0:08:35]} f5 {[%clk 0:04:35]} 37. Kf4 {[%clk 0:05:55]} h6 {[%clk 0:02:36]}
38. h4 {[%clk 0:03:42]} Rd4+ {[%clk 0:02:41]} 39. Ke5 {[%clk 0:02:19]} Rd5+
{[%clk 0:02:20]} 40. Kf4 {[%clk 0:02:47]} e5+ {[%clk 0:01:30]} 41. Ke3
{[%clk 0:02:36]} Kd6 {[%clk 0:27:45]} 42. h5 {[%clk 0:25:23]} f4+
{[%clk 0:18:08]} 43. Ke2 {[%clk 0:24:44]} gxh5 {[%clk 0:18:30]} 44. Bf5
{[%clk 0:24:28]} Ba6 {[%clk 0:18:44]} 45. c8=Q {[%clk 0:23:32]} Bxc8
{[%clk 0:19:12]} 46. Rxc8 {[%clk 0:23:49]} hxg4 {[%clk 0:19:25]} 47. fxg4
{[%clk 0:23:07]} Rc5 {[%clk 0:05:21]} 48. Rh8 {[%clk 0:20:05]} Rc3
{[%clk 0:05:47]} 49. Rxh6+ {[%clk 0:20:25]} Kd5 {[%clk 0:06:05]} 50. Rh7
{[%clk 0:15:12]} e4 {[%clk 0:01:24]} 51. Rd7+ {[%clk 0:14:18]} Kc6
{[%clk 0:01:46]} 52. Rd4 {[%clk 0:12:05]} f3+ {[%clk 0:01:40]} 53. Kd1
{[%clk 0:02:54]} f2 {[%clk 0:01:27]} 54. Ke2 {[%clk 0:03:12]} e3 {[%clk 0:01:52]}
55. Rd1 {[%clk 0:02:53]} Rxa3 {[%clk 0:01:03]} 56. g5 {[%clk 0:02:46]} Ra2+
{[%clk 0:00:35]} 57. Kxe3 {[%clk 0:03:03]}  1-0

[Event "European Senior Team Championship 2021"]
[Site "Don Giovanni hotel, Vinohradska 2733, Prague, Czech Republic"]
[Date "2021.09.07"]
[Round "9"]
[Board "1"]
[White "Kachiani-Gersinska, Ketino"]
[Black "Nudcenko, Karel"]
[Result "1/2-1/2"]
[WhiteElo "2318"]
[BlackElo "2033"]
[PlyCount "0"]
[EventDate "2021.08.30"]
[EventType "team"]
[EventRounds "9"]
[EventCountry "ECX"]
[WhiteTeam "GERMANY 1 WOMEN"]
[BlackTeam "TJ SOKOL UDLICE"]

1. Nf3 {[%clk 1:30:58]} d5 {[%clk 1:30:49]} 2. g3 {[%clk 1:31:17]} Nf6
{[%clk 1:30:58]} 3. Bg2 {[%clk 1:31:23]} e6 {[%clk 1:30:16]} 4. O-O
{[%clk 1:31:18]} Be7 {[%clk 1:29:59]} 5. c4 {[%clk 1:28:20]} O-O {[%clk 1:29:47]}
6. b3 {[%clk 1:28:37]} Nbd7 {[%clk 1:28:33]} 7. Bb2 {[%clk 1:28:58]} b6
{[%clk 1:25:15]} 8. d3 {[%clk 1:10:27]} Bb7 {[%clk 1:24:51]} 9. Nc3
{[%clk 1:10:25]} c5 {[%clk 1:21:48]} 10. e3 {[%clk 1:10:10]} Rc8 {[%clk 1:18:27]}
11. Rc1 {[%clk 1:07:47]} Qc7 {[%clk 1:16:48]} 12. Qe2 {[%clk 1:07:30]} Rfd8
{[%clk 1:16:30]} 13. Rfd1 {[%clk 1:05:36]} Qb8 {[%clk 1:14:39]} 14. h3
{[%clk 1:01:16]} Qa8 {[%clk 1:14:53]} 15. g4 {[%clk 0:42:56]} dxc4
{[%clk 1:12:10]} 16. bxc4 {[%clk 0:43:16]} h6 {[%clk 1:08:29]} 17. Rc2
{[%clk 0:38:15]} Nh7 {[%clk 1:07:52]} 18. Ne4 {[%clk 0:37:52]} Ndf6
{[%clk 1:05:27]} 19. Ng3 {[%clk 0:37:01]} Ng5 {[%clk 0:59:57]} 20. e4
{[%clk 0:35:12]} Nxf3+ {[%clk 0:59:10]} 21. Qxf3 {[%clk 0:35:35]} Nh7
{[%clk 0:55:20]} 22. Nh5 {[%clk 0:35:20]} f6 {[%clk 0:51:41]} 23. Qe3
{[%clk 0:34:34]} Rd7 {[%clk 0:48:52]} 24. f4 {[%clk 0:30:20]} Rcd8
{[%clk 0:46:56]} 25. e5 {[%clk 0:27:08]} Bxg2 {[%clk 0:43:07]} 26. exf6
{[%clk 0:26:34]} Bxf6 {[%clk 0:40:17]} 27. Nxf6+ {[%clk 0:19:07]} Nxf6
{[%clk 0:38:50]} 28. Bxf6 {[%clk 0:17:43]} gxf6 {[%clk 0:39:05]} 29. Qxe6+
{[%clk 0:16:37]} Kg7 {[%clk 0:39:23]} 30. Rxg2 {[%clk 0:16:28]} Qf3
{[%clk 0:33:12]} 31. Rf1 {[%clk 0:15:18]} Qxh3 {[%clk 0:33:02]} 32. Rh2
{[%clk 0:13:03]} Qg3+ {[%clk 0:32:46]} 33. Rg2 {[%clk 0:13:25]} Qh3
{[%clk 0:31:14]} 34. Rh2 {[%clk 0:13:51]} Qg3+ {[%clk 0:31:31]}  1/2-1/2

[Event "European Senior Team Championship 2021"]
[Site "Don Giovanni hotel, Vinohradska 2733, Prague, Czech Republic"]
[Date "2021.09.07"]
[Round "9"]
[Board "2"]
[White "Mazanek, Kamil"]
[Black "Spiel, Marianne"]
[Result "1-0"]
[WhiteElo "2070"]
[BlackElo "1869"]
[PlyCount "0"]
[EventDate "2021.08.30"]
[EventType "team"]
[EventRounds "9"]
[EventCountry "ECX"]
[WhiteTeam "TJ SOKOL UDLICE"]
[BlackTeam "GERMANY 1 WOMEN"]

1. c4 {[%clk 1:30:57]} Nf6 {[%clk 1:30:53]} 2. Nc3 {[%clk 1:31:20]} g6
{[%clk 1:31:12]} 3. e4 {[%clk 1:31:33]} d6 {[%clk 1:31:17]} 4. d4
{[%clk 1:32:02]} Bg7 {[%clk 1:30:46]} 5. Bd3 {[%clk 1:30:41]} O-O
{[%clk 1:29:28]} 6. h3 {[%clk 1:30:08]} e5 {[%clk 1:27:55]} 7. d5
{[%clk 1:28:47]} c6 {[%clk 1:16:27]} 8. Nge2 {[%clk 1:28:36]} Na6
{[%clk 1:15:54]} 9. Be3 {[%clk 1:27:09]} Ne8 {[%clk 1:08:23]} 10. g4
{[%clk 1:19:45]} Nac7 {[%clk 0:50:59]} 11. Ng3 {[%clk 1:17:43]} Bd7
{[%clk 0:40:30]} 12. a3 {[%clk 1:13:32]} c5 {[%clk 0:38:05]} 13. b4
{[%clk 1:04:41]} b6 {[%clk 0:35:51]} 14. Qd2 {[%clk 1:02:16]} Qc8
{[%clk 0:33:01]} 15. f3 {[%clk 0:58:10]} a5 {[%clk 0:30:55]} 16. bxc5
{[%clk 0:51:23]} bxc5 {[%clk 0:31:00]} 17. Rb1 {[%clk 0:50:32]} a4
{[%clk 0:27:43]} 18. O-O {[%clk 0:41:22]} Bf6 {[%clk 0:19:20]} 19. g5
{[%clk 0:25:29]} Be7 {[%clk 0:18:56]} 20. h4 {[%clk 0:25:51]} Ng7
{[%clk 0:18:11]} 21. Rb6 {[%clk 0:22:58]} Rb8 {[%clk 0:16:46]} 22. Qb2
{[%clk 0:20:41]} Na6 {[%clk 0:13:14]} 23. Rb1 {[%clk 0:19:39]} Qc7
{[%clk 0:13:02]} 24. Bc2 {[%clk 0:18:04]} f5 {[%clk 0:10:02]} 25. exf5
{[%clk 0:14:35]} gxf5 {[%clk 0:07:16]} 26. f4 {[%clk 0:13:57]} e4
{[%clk 0:06:12]} 27. Bxa4 {[%clk 0:13:41]} Ra8 {[%clk 0:06:19]} 28. Rb7
{[%clk 0:13:06]}  1-0

[Event "European Senior Team Championship 2021"]
[Site "Don Giovanni hotel, Vinohradska 2733, Prague, Czech Republic"]
[Date "2021.09.07"]
[Round "9"]
[Board "3"]
[White "Beltz, Martina"]
[Black "Svarc, Roman"]
[Result "0-1"]
[WhiteElo "1922"]
[BlackElo "2030"]
[PlyCount "0"]
[EventDate "2021.08.30"]
[EventType "team"]
[EventRounds "9"]
[EventCountry "ECX"]
[WhiteTeam "GERMANY 1 WOMEN"]
[BlackTeam "TJ SOKOL UDLICE"]

1. d4 {[%clk 1:30:07]} Nf6 {[%clk 1:30:52]} 2. Nf3 {[%clk 1:30:17]} g6
{[%clk 1:30:48]} 3. g3 {[%clk 1:27:32]} Bg7 {[%clk 1:30:21]} 4. Bg2
{[%clk 1:27:53]} c5 {[%clk 1:29:47]} 5. d5 {[%clk 1:20:06]} d6 {[%clk 1:28:58]}
6. a4 {[%clk 1:11:39]} O-O {[%clk 1:25:57]} 7. O-O {[%clk 1:11:04]} Na6
{[%clk 1:24:57]} 8. c4 {[%clk 1:05:12]} Nb4 {[%clk 1:19:53]} 9. Nc3
{[%clk 1:03:59]} e5 {[%clk 1:02:42]} 10. dxe6 {[%clk 0:59:25]} fxe6
{[%clk 1:00:26]} 11. Bg5 {[%clk 0:54:53]} d5 {[%clk 0:54:23]} 12. e3
{[%clk 0:47:41]} h6 {[%clk 0:52:14]} 13. Bf4 {[%clk 0:38:36]} a6 {[%clk 0:48:45]}
14. Be5 {[%clk 0:35:52]} Rf7 {[%clk 0:43:29]} 15. Qb1 {[%clk 0:34:47]} g5
{[%clk 0:35:08]} 16. Rd1 {[%clk 0:31:16]} Bd7 {[%clk 0:35:33]} 17. Rd2
{[%clk 0:25:55]} dxc4 {[%clk 0:34:11]} 18. Ne1 {[%clk 0:24:12]} Qc8
{[%clk 0:28:40]} 19. Bxf6 {[%clk 0:22:35]} Rxf6 {[%clk 0:21:05]} 20. Ne4
{[%clk 0:22:59]} Rf8 {[%clk 0:21:04]} 21. Nd6 {[%clk 0:23:03]} Qc7
{[%clk 0:21:00]} 22. Bxb7 {[%clk 0:21:16]} Rab8 {[%clk 0:17:40]} 23. Bg2
{[%clk 0:21:11]} c3 {[%clk 0:16:26]} 24. bxc3 {[%clk 0:18:58]} Nd5
{[%clk 0:14:50]} 25. Qd3 {[%clk 0:15:44]} Qxd6 {[%clk 0:14:43]} 26. e4
{[%clk 0:16:08]} Bxc3 {[%clk 0:13:57]} 27. Qxc3 {[%clk 0:16:03]} Nxc3
{[%clk 0:12:18]} 28. Rxd6 {[%clk 0:16:32]} Bxa4 {[%clk 0:11:58]} 29. Rxa6
{[%clk 0:13:23]} Bb3 {[%clk 0:09:19]} 30. Bh3 {[%clk 0:13:11]} Ne2+
{[%clk 0:09:15]} 31. Kg2 {[%clk 0:12:32]} Nd4 {[%clk 0:09:13]} 32. Bg4
{[%clk 0:09:37]} Bc4 {[%clk 0:06:38]} 33. Ra7 {[%clk 0:05:18]} Rb2
{[%clk 0:06:27]} 34. Bd1 {[%clk 0:05:18]} Rbxf2+ {[%clk 0:02:37]} 35. Kh3
{[%clk 0:05:37]} Bf1+ {[%clk 0:02:22]} 36. Kg4 {[%clk 0:06:00]} Rxh2
{[%clk 0:02:39]} 37. Nf3 {[%clk 0:04:07]} Bh3+ {[%clk 0:02:36]} 38. Kh5
{[%clk 0:04:31]} Nxf3 {[%clk 0:02:59]} 39. Kg6 {[%clk 0:03:46]} Ne5+
{[%clk 0:03:08]} 40. Kxh6 {[%clk 0:04:12]} Bg4+  0-1

[Event "European Senior Team Championship 2021"]
[Site "Don Giovanni hotel, Vinohradska 2733, Prague, Czech Republic"]
[Date "2021.09.07"]
[Round "9"]
[Board "4"]
[White "Koblasa, Josef"]
[Black "Birkholz, Olga"]
[Result "0-1"]
[WhiteElo "1929"]
[BlackElo "2018"]
[PlyCount "0"]
[EventDate "2021.08.30"]
[EventType "team"]
[EventRounds "9"]
[EventCountry "ECX"]
[WhiteTeam "TJ SOKOL UDLICE"]
[BlackTeam "GERMANY 1 WOMEN"]

1. c4 {[%clk 1:30:56]} Nf6 {[%clk 1:30:28]} 2. Nc3 {[%clk 1:31:18]} g6
{[%clk 1:30:53]} 3. g3 {[%clk 1:31:36]} Bg7 {[%clk 1:31:17]} 4. Bg2
{[%clk 1:32:02]} O-O {[%clk 1:29:43]} 5. d4 {[%clk 1:31:08]} d6 {[%clk 1:29:06]}
6. e4 {[%clk 1:30:59]} Nbd7 {[%clk 1:28:22]} 7. Nge2 {[%clk 1:30:51]} c5
{[%clk 1:27:54]} 8. d5 {[%clk 1:30:37]} a6 {[%clk 1:26:15]} 9. Bd2
{[%clk 1:27:37]} Ne5 {[%clk 1:25:58]} 10. b3 {[%clk 1:18:39]} Nd3+
{[%clk 1:20:45]} 11. Kf1 {[%clk 1:19:02]} Ng4 {[%clk 1:15:43]} 12. Be1
{[%clk 1:17:33]} Nxe1 {[%clk 1:12:01]} 13. Qxe1 {[%clk 1:17:04]} f5
{[%clk 1:07:04]} 14. h3 {[%clk 1:13:31]} Ne5 {[%clk 1:05:02]} 15. f4
{[%clk 1:10:13]} fxe4 {[%clk 0:57:16]} 16. Bxe4 {[%clk 1:08:09]} Nd7
{[%clk 0:53:55]} 17. Kg2 {[%clk 1:06:02]} b5 {[%clk 0:54:17]} 18. Rc1
{[%clk 1:01:33]} b4 {[%clk 0:51:38]} 19. Nd1 {[%clk 0:56:13]} Nf6
{[%clk 0:47:08]} 20. Bc2 {[%clk 0:53:51]} e6 {[%clk 0:46:34]} 21. Ne3
{[%clk 0:48:08]} exd5 {[%clk 0:42:23]} 22. cxd5 {[%clk 0:43:27]} Qe7
{[%clk 0:41:13]} 23. Qd2 {[%clk 0:38:50]} Re8 {[%clk 0:41:08]} 24. Kf2
{[%clk 0:38:45]} Ra7 {[%clk 0:37:47]} 25. f5 {[%clk 0:34:12]} Ne4+
{[%clk 0:36:17]} 26. Bxe4 {[%clk 0:34:32]} Qxe4 {[%clk 0:36:42]} 27. Rc4
{[%clk 0:34:11]} Qxh1  0-1